000 00655nam a2200265Ia 4500
005 20260121165555.0
008 008 260114s9999 xx 000 0 eng d
020 _a9783319290751
037 _aEBOOK
040 _aCRL
040 _beng
040 _cCRL
041 _2eng
041 _aeng
084 _qCRL
100 _aMichèle Loday-Richaud
_91053411
245 0 _aDivergent Series, Summability and Resurgence II
260 _bSpringer
260 _bSpringer
260 _c2016
856 _uhttps://link.springer.com/openurl?genre=book&isbn=978-3-319-29075-1
942 _cEBOOK
999 _c1619137
_d1619137